| 000 | 01235nam0a22003131 4500 | ||
|---|---|---|---|
| 001 | rc\3381886 | ||
| 005 | 20250609185808.0 | ||
| 021 |
_aRU _b[71-26740] |
||
| 035 | _a(NLR Aleph) 007453019 | ||
| 090 |
_a7236286 _c7236286 |
||
| 100 | _a20130115d1971 |||y0rusy50 ca | ||
| 101 | 1 |
_arus _caze |
|
| 102 | _aRU | ||
| 105 | _aa z |||a| | ||
| 200 | 1 |
_aЛюди и деревья _a[Сказки тети Медины _aСказка о гранатовом дереве] _eПовести _f[Авториз. пер. с азерб. Т. Калякиной _gИл.: Г. Калиновский] |
|
| 210 |
_aМосква _cИзвестия _d1971 |
||
| 215 |
_a208 с. _cил. _d21 |
||
| 225 | 1 | _aБиблиотека "Дружбы народов" | |
| 311 | _aПрил. к журн. "Дружба народов" | ||
| 422 | 0 |
_12001#$aДружба народов _tДружба народов |
|
| 532 | 1 | 3 | _aСказки тети Медины |
| 700 | 1 |
_7ca _8rus _aАйлисли _bА. _f1937- _gАкрам _9202759 _3RU\NLR\AUTH\770202810 |
|
| 702 | 1 |
_aКалякина _bТ. _4730 |
|
| 702 | 1 |
_aКалиновский _bГ. _4440 |
|
| 801 | 0 |
_aRU _bNLR _gpsbo |
|
| 801 | 1 |
_aRU _bELAR _2rusmarc |
|
| 852 |
_aNLR _j71-3/2136 |
||
| 942 | _cBOOK | ||
| 980 | _aNB | ||